<?xml version="1.0" encoding="UTF-8"?>
<marc:record xmlns:marc="http://www.loc.gov/MARC21/slim">
   <marc:leader>00000nam a2200000 a 4500</marc:leader>
   <marc:datafield ind1="1" ind2=" " tag="100">
      <marc:subfield code="a">Kupka, Anna Camilla</marc:subfield>
      <marc:subfield code="4">aut</marc:subfield>
      <marc:subfield code="e">Verfasser/-in</marc:subfield>
   </marc:datafield>
   <marc:datafield ind1=" " ind2=" " tag="653">
      <marc:subfield code="a">Yoga</marc:subfield>
   </marc:datafield>
   <marc:datafield ind1=" " ind2=" " tag="653">
      <marc:subfield code="a">Tegernsee</marc:subfield>
   </marc:datafield>
   <marc:datafield ind1="0" ind2="0" tag="245">
      <marc:subfield code="a">Skandal im Chalet am See</marc:subfield>
   </marc:datafield>
   <marc:datafield ind1=" " ind2="1" tag="264">
      <marc:subfield code="b">Butterfly</marc:subfield>
      <marc:subfield code="c">2021</marc:subfield>
   </marc:datafield>
   <marc:datafield ind1="1" ind2=" " tag="490">
      <marc:subfield code="a">Chalet am See</marc:subfield>
   </marc:datafield>
   <marc:datafield ind1="1" ind2=" " tag="520">
      <marc:subfield code="a">Es ist Hochsaison am Tegernsee und Lucy darf ihre ersten offiziellen Gäste im Chalet begrüßen! Doch obwohl sie sich eigentlich freuen sollte, hat sie ziemlichen Bammel. Nicht nur hat Alex ihr die Gäste ungefragt zugeschustert, sondern es sind auch noch Politiker! Düsseldorfer Politiker! Ob solch eine Kombination zu einem Yoga-Chalet passt?  Lucy hat da so ihre Zweifel und während sie sich die wildesten Gedanken macht, versuchen ihre Freunde, sie zu beruhigen. Dabei ahnen sie noch nicht, wie recht Lucy mit ihren Bedenken hat à  Wird Lucy Alex verzeihen können, dass er ihren Auftakt am Tegernsee zu einer bundesweiten Sensation werden lässt? Und werden sie und ihr Chalet ungeschoren davonkommen?</marc:subfield>
   </marc:datafield>
   <marc:datafield ind1=" " ind2=" " tag="020">
      <marc:subfield code="a">9783985955718</marc:subfield>
      <marc:subfield code="9">9783985955718</marc:subfield>
   </marc:datafield>
   <marc:datafield ind1="3" ind2=" " tag="024">
      <marc:subfield code="a">9798496619844</marc:subfield>
   </marc:datafield>
</marc:record>
